000 00550nam a2200205 a 4500
005 20140310183517.0
008 110110s19uu xx 00 eng d
020 _a9780137058310
050 _aHM 263
_b.Se42 2011
100 _aSeitel, Fraser
245 _aThe Practice of public relations /
_cFraser Seitel
250 _a11th
260 _aBoston :
_bPearson Education,
_c2011.
300 _a480 p. :
_bcol. ill. ;
_c25 cm.
521 _aMC
650 _aPublic relations-USA.
942 _cBK
_2lcc
_kFOR
999 _c24320
_d24320